W-Letter Subdivisions of Africa - Statistics

General Stats
  • This quiz has been taken 14 times
    4 since last reset
  • The average score is 13 of 23
Answer Stats
Country Subdivision Type Answer % Correct
Cameroon Region West
100%
Ghana Region Western
100%
Rwanda Province Western
100%
Sierra Leone Area Western
100%
Zambia Province Western
100%
South Africa Province Western Cape
100%
Kenya County Wajir
67%
Sudan State West Darfur
67%
Sudan State West Kordofan
67%
Kenya County West Pokot
67%
Gabon Province Woleu-Ntem
67%
Libya District Wadi al Hayaa
33%
Libya District Wadi al Shatii
33%
Chad Province Wadi Fira
33%
Uganda District Wakiso
33%
South Sudan State Warrap
33%
Equatorial Guinea Province Wele-Nzas
33%
South Sudan State Western Bahr el Ghazal
33%
South Sudan State Western Equatoria
33%
Ghana Region Western North
33%
Sudan State White Nile
33%
Côte d'Ivoire Region Woroba
33%
Gambia City West Coast
0%
No matching quizzes found
Score Distribution
Percent of People with Each Score
Percentile by Number Answered
Your Score History
You have not taken this quiz since the last reset